The little golden book of Hymns / (Record no. 7148)

MARC details
000 -LEADER
fixed length control field 00959nam a22002897a 4500
001 - CONTROL NUMBER
control field 7148
003 - CONTROL NUMBER IDENTIFIER
control field FISKH
005 - DATE AND TIME OF LATEST TRANSACTION
control field 20250630094322.0
008 - FIXED-LENGTH DATA ELEMENTS--GENERAL INFORMATION
fixed length control field 250630b cb ||||| |||| 00| 0 eng d
020 ## - INTERNATIONAL STANDARD BOOK NUMBER
International Standard Book Number 033500713002
040 ## - CATALOGING SOURCE
Original cataloging agency FISKH
Language of cataloging eng
Transcribing agency FISKH 783.9 LCC M2193.W34 L5
Modifying agency FISKH
050 ## - LIBRARY OF CONGRESS CALL NUMBER
Classification number M2193.W34 L5
082 ## - DEWEY DECIMAL CLASSIFICATION NUMBER
Classification number 783.9
100 ## - MAIN ENTRY--PERSONAL NAME
Personal name Werner, Elsa Jane
245 ## - TITLE STATEMENT
Title The little golden book of Hymns /
Statement of responsibility, etc. Compiled by Elsa Jane Werner and E.D. EBSUN ; Illustrated by Frances Score Mitchell
260 ## - PUBLICATION, DISTRIBUTION, ETC.
Place of publication, distribution, etc. New York :
Name of publisher, distributor, etc. Western Publishing Company,
Date of publication, distribution, etc. 1985.
300 ## - PHYSICAL DESCRIPTION
Extent 24 unnumbered pages :
Other physical details color illustrations ;
Dimensions 21 cm
490 ## - SERIES STATEMENT
Series statement A little golden book :
505 ## - FORMATTED CONTENTS NOTE
Formatted contents note E<br/>
520 ## - SUMMARY, ETC.
Summary, etc. Contains 13 children's hymns, with music.
521 8# - TARGET AUDIENCE NOTE
Target audience note 200<br/>
Source Lexile estimate<br/>
521 8# - TARGET AUDIENCE NOTE
Target audience note E<br/>
Source Raz-Plus<br/>
650 ## - SUBJECT ADDED ENTRY--TOPICAL TERM
Topical term or geographic name entry element songs
Form subdivision Juvenile literature
700 ## - ADDED ENTRY--PERSONAL NAME
Personal name Mitchell, Frances Score
Relator term illustrator
942 ## - ADDED ENTRY ELEMENTS (KOHA)
Source of classification or shelving scheme Dewey Decimal Classification
Koha item type Books
Suppress in OPAC No
Holdings
Withdrawn status Lost status Source of classification or shelving scheme Damaged status Not for loan Collection Home library Current library Shelving location Date acquired Total Checkouts Full call number Barcode Date last seen Copy number Price effective from Koha item type
    Dewey Decimal Classification     Juvenile Fiction Footprints International School Library Network Toul Kork Campus Footprints International School Library Network Toul Kork Campus TK Primary Library Room(4th Floor), Bookcase 7, Shelves 57-60, Dark Green Books 06/30/2025   WER 783.9 M2193.W34 L5 FISBK00170 06/30/2025 1 06/30/2025 Books